Main Battles of WWII - Statistics

General Stats
  • This quiz has been taken 535 times
  • The average score is 10 of 15
Answer Stats
Hint Answer % Correct
Hitler caused the war by invading.... Poland
99%
In 1940, this major Allied country surrendered France
95%
The first axis country to surrender Italy
93%
Also, the Battle of ----- in the Pacific Midway
88%
Name both cities that were atom bombed Hiroshima
86%
Nagasaki
84%
This caused the USA to enter the war Pearl Harbor
83%
The Battle of ------ turned the tide of the Europe war Stalingrad
79%
River crossed that leads into the heart of Germany Rhine
69%
London was the main target of the.... Blitz
68%
Last attack by Hitler Bulge
61%
Name of Invasion of France D-Day
53%
This prevented the invasion of Australia Coral Sea
26%
Leader of British 8th Army Bernard Montgomery
11%
Day that Germans surrendered 5/7/45
1%
No matching quizzes found
Score Distribution
Percent of People with Each Score
Percentile by Number Answered
Your Score History
You have not taken this quiz